|
|
|
|
| LEADER |
02211nam a2200589 a 4500 |
| 001 |
nkc20122405611 |
| 003 |
CZ PrNK |
| 005 |
20121128142009.0 |
| 007 |
ta |
| 008 |
120926s2012 xr a f 001 0 cze |
| 015 |
|
|
|a cnb002405611
|
| 020 |
|
|
|a 978-80-7400-438-4
|q (brož.)
|
| 035 |
|
|
|a (OCoLC)820694337
|
| 040 |
|
|
|a ABA001
|b cze
|d OLA001
|
| 043 |
|
|
|a e-xr---
|
| 072 |
|
7 |
|a 336.1/.5
|x Veřejné finance
|2 Konspekt
|9 4
|
| 080 |
|
|
|a 336.226.322
|2 MRF
|
| 080 |
|
|
|a 614.2
|2 MRF
|
| 080 |
|
|
|a 37.09
|2 MRF
|
| 080 |
|
|
|a 364-7
|2 MRF
|
| 080 |
|
|
|a 336.225
|2 MRF
|
| 080 |
|
|
|a (437.3)
|2 MRF
|
| 080 |
|
|
|a (048.8)
|2 MRF
|
| 100 |
1 |
|
|a Hušáková, Zdeňka
|7 ola2012729457
|4 aut
|
| 245 |
1 |
0 |
|a DPH ve zdravotnictví, školství a sociálních službách /
|c Zdeňka Hušáková, Martina Matějková
|
| 246 |
3 |
|
|a Daň z přidané hodnoty ve zdravotnictví, školství a sociálních službách
|
| 250 |
|
|
|a Vyd. 1.
|
| 260 |
|
|
|a V Praze :
|b C.H. Beck,
|c 2012
|
| 300 |
|
|
|a xv, 153 s. :
|b il. ;
|c 24 cm
|
| 490 |
1 |
|
|a C.H. Beck pro praxi
|
| 500 |
|
|
|a Obsahuje rejstřík
|
| 650 |
0 |
7 |
|a daň z přidané hodnoty
|7 ph119339
|z Česko
|2 czenas
|
| 650 |
0 |
7 |
|a zdravotnictví
|7 ph127574
|z Česko
|2 czenas
|
| 650 |
0 |
7 |
|a školství
|7 ph116829
|z Česko
|2 czenas
|
| 650 |
0 |
7 |
|a sociální služby
|7 ph125812
|z Česko
|2 czenas
|
| 650 |
0 |
7 |
|a správa daní
|7 ph116260
|z Česko
|2 czenas
|
| 650 |
0 |
9 |
|a value-added tax
|z Czechia
|2 eczenas
|
| 650 |
0 |
9 |
|a health service
|z Czechia
|2 eczenas
|
| 650 |
0 |
9 |
|a education
|z Czechia
|2 eczenas
|
| 650 |
0 |
9 |
|a social service
|z Czechia
|2 eczenas
|
| 650 |
0 |
9 |
|a tax administration
|z Czechia
|2 eczenas
|
| 655 |
|
7 |
|a monografie
|7 fd132842
|2 czenas
|
| 655 |
|
9 |
|a monographs
|2 eczenas
|
| 700 |
1 |
|
|a Matějková, Martina
|7 ola2012729459
|4 aut
|
| 830 |
|
0 |
|a C.H. Beck pro praxi
|0 s
|
| 910 |
2 |
|
|a BOA001
|b 2-1291.689
|
| 990 |
|
|
|a BK
|
| 995 |
|
|
|a 01
|
| 991 |
|
|
|b 201211
|c NOV
|e n
|
| 996 |
6 |
|
|b 2610526970
|c 2-1291.689
|l MZK
|r Sklad / do 1 hodiny
|n 1
|p p.v.
|w 001294781
|u 000010
|a 1
|e BOA001
|j MZK50
|s P
|
| 996 |
6 |
|
|b 2610528352
|c 2-1291.689
|l MZK
|r HSS 4p
|n 0
|p kup
|h 336.2 HUŠ
|w 001294781
|u 000020
|a 0
|e BOA001
|j MZK50
|s P
|
| 996 |
7 |
|
|b 2610528353
|c 2-1291.689
|l MZK
|r Sklad / do 1 hodiny
|n 15
|p kup
|w 001294781
|u 000030
|a 1
|e BOA001
|j MZK50
|s A
|